¿Qué crees tú que puedes hacer en mi circo? /
Guardado en:
| Autor Principal: | |
|---|---|
| Otros Autores: | |
| Formato: | Libro |
| Publicado: |
Buenos Aires :
Pequeño Editor,
2014.
|
| Edición: | 1a ed. 4a reimp. |
| Series: | Incluso los grandes
|
| Materias: | |
| Etiquetas: |
Agregar Etiqueta
Sin Etiquetas, Sea el primero en etiquetar este registro!
|
| LEADER | 00993nam a22002655a 4500 | ||
|---|---|---|---|
| 001 | CEM.cems015330 | ||
| 008 | 130507s2014##################000#0#####d | ||
| 005 | 20240215125603.0 | ||
| 245 | 1 | 0 | |a ¿Qué crees tú que puedes hacer en mi circo? / |c Georgina Roo ; ilustrado por Maximiliano Luchini. |
| 250 | |a 1a ed. 4a reimp. | ||
| 260 | |a Buenos Aires : |b Pequeño Editor, |c 2014. | ||
| 300 | |a 36 p. | ||
| 490 | 1 | |a Incluso los grandes | |
| 020 | |a 9789871374366 | ||
| 100 | 1 | |a Roo, Georgina | |
| 700 | 1 | |a Luchini, Maximiliano; il. | |
| 082 | 0 | 4 | |a A868.4 |
| 653 | |a Literatura | ||
| 653 | |a Literatura argentina | ||
| 653 | |a Literatura infantil | ||
| 653 | |a Cuentos infantiles | ||
| 859 | |a CEMS |b BIB. CEMS - Inicial y Primaria |h A868.4 |i R67 |k IP |p 3880 |t Ej. 1 | ||
| 859 | |a CEMS |b BIB. CEMS - Ccias. Educacion |h A868.4 |i R67 |k CE |p 28595.19 |t Ej.1 | ||
| 859 | |a CEMS |b BIB. CEMS - Ccias. Educacion |h A868.4 |i R67 |k CE |p 28667.19 |t Ej.2 | ||
| 859 | |a CEMS |b BIB. CEMS - Ccias. Educacion |h A868.4 |i R67 |k CE |p 28668.19 |t Ej.3 | ||
